000
00284nam a2200121Ia 4500
008
190216s9999||||xx |||||||||||||| ||und||
100
_a
Kochugovindanunni
245
0
_a
Kozhi Valarthal
260
_b
Kerala Bhasha Institute
_c
1972
300
_a
307p
650
_a
Zoology
942
_c
BK
999
_c
37840
_d
37840